000 00632nam a22001937a 4500
999 _c178161
_d178161
005 20210319150427.0
010 _aENG-129252
020 _a9789385606274
_c600.00
035 _aEN-112784
037 _bDBAD/PUB
082 _a302.2310954
245 _aSituating Social Media: Gender, Caste, Protest, Solidarity/
_cedited by Samata biswas and Atig Ghosh
260 _bWomen Unlimited
_aNew Delhi
_c2020
270 _a7/10, First Floor, Sarvapriya Vihar
_bNew Delhi
_e110016
300 _avi+232p.
_c22cm(pbk)
700 _aBiswas, Samata ed.
700 _aGhosh, Atig ed.
942 _2ddc
_cEN
_h302.2310954
_mSIT